Corrosion engineering (Record no. 1267)

000 -LEADER
fixed length control field 00569nam a22002177a 4500
001 - CONTROL NUMBER
control field 1267
003 - CONTROL NUMBER IDENTIFIER
control field BD-DhUET
008 - FIXED-LENGTH DATA ELEMENTS--GENERAL INFORMATION
fixed length control field 140902b xxu||||| |||| 00| 0 eng d
020 ## - INTERNATIONAL STANDARD BOOK NUMBER
International Standard Book Number 9789848725085
040 ## - CATALOGING SOURCE
Transcribing agency 0
Modifying agency BD-DhUET
082 ## - DEWEY DECIMAL CLASSIFICATION NUMBER
Classification number 620.1122
Item number NOO/2009
100 ## - MAIN ENTRY--PERSONAL NAME
Personal name Nooruddin Ahmed
245 ## - TITLE STATEMENT
Title Corrosion engineering
Remainder of title an introductory text
250 ## - EDITION STATEMENT
Edition statement 1st ed.
260 ## - PUBLICATION, DISTRIBUTION, ETC. (IMPRINT)
Place of publication, distribution, etc. Dhaka
Name of publisher, distributor, etc. N. Ahmed and I. Mahmud
Date of publication, distribution, etc. 2009
300 ## - PHYSICAL DESCRIPTION
Extent xviii, 261 p.
504 ## - BIBLIOGRAPHY, ETC. NOTE
Bibliography, etc Includes bibliographies
650 #0 - SUBJECT ADDED ENTRY--TOPICAL TERM
Topical term or geographic name as entry element Corrosion and anti-Corrosion
700 ## - ADDED ENTRY--PERSONAL NAME
Personal name Iqbal Mahmud
942 ## - ADDED ENTRY ELEMENTS (KOHA)
Koha item type General Book
Holdings
Lost status Withdrawn status Koha normalized classification for sorting Koha date last seen Shelving location Sublocation or collection (holding branch) Copy number Koha item type Koha full call number Koha date last borrowed Location (home branch) Damaged status Date acquired Not for loan Price effective from Source of classification or shelving scheme Koha issues (times borrowed) Piece designation (barcode)
  620_000000000000000_1122NOO2002021-08-28Circulation sectionCentral Library, BUET8General Book620.1122/NOO/20092021-08-28Central Library, BUET 2014-09-02 2014-09-02 2107513
  620_000000000000000_1122NOO2002021-09-06Circulation sectionCentral Library, BUET8General Book620.1122/NOO/20092021-09-06Central Library, BUET 2014-09-02 2014-09-02 25107507
  620_000000000000000_1122NOO2002021-08-28Circulation sectionCentral Library, BUET8General Book620.1122/NOO/20092021-08-28Central Library, BUET 2014-09-02 2014-09-02 1107508
  620_000000000000000_1122NOO2002021-08-28Circulation sectionCentral Library, BUET General Book620.1122/NOO/20092021-08-28Central Library, BUET 2014-09-02 2014-09-02 1107506
  620_000000000000000_1122NOO2002021-08-28Circulation sectionCentral Library, BUET General Book620.1122/NOO/20092021-08-28Central Library, BUET 2014-09-02 2014-09-02 1107512
  620_000000000000000_1122NOO2002026-05-19Circulation sectionCentral Library, BUET General Book620.1122/NOO/20092025-12-01Central Library, BUET 2014-09-02 2014-09-02 5107509
  620_000000000000000_1122NOO2002024-10-21Circulation sectionCentral Library, BUET General Book620.1122/NOO/20092024-10-21Central Library, BUET 2014-09-02 2014-09-02 38107505
  620_000000000000000_1122NOO2002021-08-28Circulation sectionCentral Library, BUET General Book620.1122/NOO/20092021-08-28Central Library, BUET 2014-09-02 2014-09-02 1107511
  620_000000000000000_1122NOO2002021-08-28Circulation sectionCentral Library, BUET General Book620.1122/NOO/20092021-08-28Central Library, BUET 2014-09-02 2014-09-02 1107504
  620_112200000000000_NOO_20092021-08-28Circulation sectionCentral Library, BUET1General Book620.1122/NOO/20092021-08-28Central Library, BUET 2010-01-13 2018-04-28 1107510